| Tag |
First Indicator |
Second Indicator |
Subfields |
| LEADER |
00000cam a2200000 a 4500 |
| 001 |
in00000082098 |
| 005 |
20151008055508.0 |
| 008 |
771020s1977 coua b 00010 eng d |
| 010 |
|
|
|a 76053363
|
| 020 |
|
|
|a 0877731020
|
| 020 |
|
|
|a 0877731039 (pbk.)
|
| 035 |
|
|
|a (OCoLC)03354636
|
| 035 |
|
|
|9 AAJ3618AM
|
| 040 |
|
|
|a PHA
|c PHA
|d UMK
|d OCL
|d TXA
|d UtOrBLW
|
| 041 |
1 |
|
|a eng
|a ger
|
| 043 |
|
|
|a a-cc-ti
|
| 049 |
|
|
|a TXAM
|c [1633025]
|
| 090 |
|
|
|a BQ4490
|b .L413
|
| 092 |
|
|
|a 294.3423
|b B236Z, L36
|
| 100 |
1 |
|
|a Lauf, Detlef Ingo.
|
| 245 |
1 |
0 |
|a Secret doctrines of the Tibetan books of the dead /
|c Detlef Ingo Lauf ; translated by Graham Parkes.
|
| 264 |
|
1 |
|a Boulder :
|b Shambhala ;
|c 1977.
|
| 264 |
|
2 |
|a [Place of publication not identified] :
|b Distributed in the U.S. by Random House,
|
| 300 |
|
|
|a xi, 254 pages :
|b illustrations ;
|c 24 cm.
|
| 336 |
|
|
|a text
|b txt
|2 rdacontent
|
| 337 |
|
|
|a unmediated
|b n
|2 rdamedia
|
| 338 |
|
|
|a volume
|b nc
|2 rdacarrier
|
| 650 |
|
0 |
|a Intermediate state
|x Buddhism.
|
| 650 |
|
0 |
|a Buddhist funeral rites and ceremonies
|z China
|z Tibet Autonomous Region.
|
| 650 |
|
0 |
|a Death
|x Religious aspects
|x Buddhism.
|
| 650 |
|
0 |
|a Buddhism
|z China
|z Tibet Autonomous Region.
|
| 999 |
|
|
|a MARS
|
| 999 |
f |
f |
|s 5b2ff6e7-f613-36a8-850c-fb815d92d050
|i bf9acef0-95fc-3576-be01-336a6aaeb694
|t 0
|
| 952 |
f |
f |
|p ric
|a Texas A&M University
|b Rellis Campus
|c Joint Library Facility
|d Remote Storage
|t 0
|e BQ4490 .L413
|h Library of Congress classification
|i unmediated -- volume
|m A14806090490
|
| 998 |
f |
f |
|a BQ4490 .L413
|t 0
|l Remote Storage
|